000
00321nas a22001337a 4500
001
T027600012159-00
008
190830b xxu||||| |||| 00| 0 esp |
040
_a
FEVP
_c
FEVP
245
_a
Visión: la revista Latinoamericana
260
_c
19971231
300
_a
40p.
650
_a
Integración--América Latina
942
_c
REV
999
_c
17032
_d
17032